000 01253nam a2200325 i 4500
003 EG-GICUC
005 20260121101443.0
008 251209s2017 ua ||||fr|||| 000 0 ara d
017 _a2017/8858
020 _a978-977-04-8367-1
040 _a EG-GICUC
_bara
_c EG-GICUC
_d EG-GICUC
_erda
041 _aara
082 0 4 _221
_a343.118212
_bح ي . إ
092 0 4 _221
099 _aLaw1 10 343.118212 ح ي . إ 2017
100 0 _aحيدر حسين الكريطي
_eمؤلف.
245 1 2 _aالإختصاص الجنائي في الجرائم المرتكبة على متن الطائرات /
_cحيدر حسين الكريطي.
264 1 _aالقاهرة :
_bدار النهضة العربية,
_c2017..
300 _a244 صفحة ؛
_c24 سم
_bإيضاحيات، صور، مثيليات ؛
336 _2rda content
_atext
337 _2rda media
_aComputer
338 _2rda carrier
_aOnline Resource
500 _aيشتمل على ملاحق.
546 _aالنص باللغة العربية
650 1 4 _aالجرائم المرتكبة على متن السفن والطائرات
_2qrmak
651 1 _2qrmak
856 4 0 _uhttps://fll.law.cu.edu.eg/fulltext/bks/B10-06678.pdf
905 _a79
_eHassnaa
942 _2ddc
_cBK
_e21
_n0
999 _c49218
_d49218